Artículos seleccionados: corrección del astigmatismo con lentes blandos tóricos

Uloženo v:
Podrobná bibliografie
Korporativní autor: IACLE (Autor)
Médium: Kniha
Jazyk:španělština
Vydáno: Sydney IACLE 2000
Vydání:1a. ed
Témata:
Tagy: Přidat tag
Žádné tagy, Buďte první, kdo vytvoří štítek k tomuto záznamu!

MARC

LEADER 00000nam a2200000 a 4500
001 UCK8775
003 CL-VaPUC
008 060331e20000000AT |||||||||||||||||spa|d
082 0 4 |a 617.7523  |b IAC  |2 21 
110 2 |a IACLE  |e author  |9 498441 
245 1 0 |a Artículos seleccionados: corrección del astigmatismo con lentes blandos tóricos 
250 |a 1a. ed 
300 |a Pág. irreg 
942 |c BK 
945 |d 20060331 00:00:00  |a cmena 
260 |a Sydney  |b IACLE  |c 2000 
650 7 |a LENTES DE CONTACTO  |2 CL-VaPUC  |9 498442 
650 0 |a Astigmatismo  |9 408239 
650 0 |a Oftalmología   |9 343851 
650 7 |a DISPOSITIVOS OPTICOS  |2 CL-VaPUC  |9 433969 
650 7 |a OPTOMETRIA  |2 CL-VaPUC  |9 498444 
650 7 |a LENTES  |2 CL-VaPUC  |9 392940 
583 |a last modification  |c 20060331 00:00:00  |k Rodrigo Vera 
999 |c 316185  |d 316183